| 000 | 00000nam 2200000zi 4500 |
| 001 | 9.938151 |
| 003 | CaOODSP |
| 005 | 20240724134414 |
| 006 | m o d f |
| 007 | cr |n||||||||| |
| 008 | 240506s2016 onc ob f|0| 0 eng d |
| 040 | |aCaOODSP|beng|erda|cCaOODSP |
| 043 | |an-cn--- |
| 086 | 1 |aA104-614/2016E-PDF |
| 245 | 00|aFood microbiology - targeted surveys : |bfinal report : bacterial pathogens in soy products : April 1, 2013 - March 31, 2014 & April 1, 2015 - March 31, 2016. |
| 246 | 10|aBacterial pathogens in soy products |
| 264 | 1|a[Ottawa] : |bCanadian Food Inspection Agency = Agence canadienne d'inspection des aliments, |c[2016] |
| 300 | |a1 online resource (10 pages) |
| 336 | |atext|btxt|2rdacontent |
| 337 | |acomputer|bc|2rdamedia |
| 338 | |aonline resource|bcr|2rdacarrier |
| 500 | |aIssued also in French under title: Microbiologie des aliments – études ciblées : rapport final : bactéries pathogènes dans les produits du soja : 1er avril 2013 – 31 mars 2014 & 1er avril 2015 – 31 mars 2016. |
| 504 | |aIncludes bibliographical references (page 10). |
| 650 | 0|aSoybean products|zCanada. |
| 650 | 0|aPathogenic bacteria|zCanada. |
| 650 | 0|aFood contamination|zCanada. |
| 710 | 2 |aCanadian Food Inspection Agency, |eissuing body. |
| 775 | 08|tMicrobiologie des aliments – études ciblées : |w(CaOODSP)9.940967 |
| 856 | 40|qPDF|s734 KB|uhttps://publications.gc.ca/collections/collection_2024/acia-cfia/A104-614-2016-eng.pdf |